000 01298nam a2200277 u 4500
001 000009159
003 DO-SdBNP
005 20250409153051.0
008 090928s2006 dr ac 000 0 spa d
020 _a9591011601
040 _aDO-SdBNP
_bSPA
_cBNPHU
082 _a299.674
_bC117m
100 1 _aCabrera, Lydia
_d1899-1991
_923831
245 1 3 _aEl monte /
_cLydia Cabrera ; edición Georgina Pérez Palmes.
260 _aLa Habana (Cuba) :
_bLetras Cubanas,
_c2006.
300 _a606 p. :
_bil. retrs. ;
_c21 cm.
500 _aLa biblioteca posee la reimpresión del 1996
505 0 _aAbriendo monte -- -
_tAl lector --
_tEl monte --
_tBilongo --
_tOluwa ewé: el dueño del monte --
_tEl tributo al dueño del monte --
_tCómo se prepara una nganga --
_tCómo se prepara un zarabanda --
_tLa santísima piedra imán --
_tLa piedra india --
_tEl tesoro mágico y medicinal de Osain y Tata Nfindo --
_tLa Ceiba --
_tUkano Beconsí --
_tLa palma real -
_tUkano Mambre --
_tÍndice de plantas --
_tTestimonio fotográfico
650 4 _aSantería
_zCuba
_923832
650 4 _aNegros
_zCuba
_xReligión
_923833
650 4 _aNegros
_zCuba
_xFolclor
_923834
651 4 _aCuba
_xReligión
_923835
700 1 2 _aPérez Palmés, Georgina
_eed.
_923836
910 _aValidado. Control de calidad MFF
942 _2ddc
_cLBS1
999 _c8923
_d8923